Score 0/13 Timer 06:00
2 Plays Today
% Correct
India
66.4%
Fiji
55%
Haiti
45.4%
Ghana
43.8%
Zambia
37.5%
Guyana
36.4%
Bhutan
35%
Uganda
34.1%
Kuwait
33.4%
Taiwan
30.9%
Vanuatu
30%
Namibia
29.6%
Tanzania
24.1%
Remove Ads.
Support Sporcle.
Get the best of Sporcle when you Go Orange. This ad-free experience offers more features, more stats, and more fun while also helping to support Sporcle. Thank you for becoming a member.

You're not logged in!

Compare scores with friends on all Sporcle quizzes.
OR
Log In

Show Comments

Extras

Top Quizzes Today


Score Distribution

Your Account Isn't Verified!

In order to create a playlist on Sporcle, you need to verify the email address you used during registration. Go to your Sporcle Settings to finish the process.

Report this User

Report this user for behavior that violates our Community Guidelines.

Details: